000 00384cam a2200181 4500
001 D12240
008 090401t1899 xxu||||| |||| 00| 0 eng d
035 _a(Sirsi) u2236
041 _aeng
100 _aBright, Tan
245 _aAgricultural surveyor`s handbook
250 _a2nd
260 _c1899
350 _a0
520 _aShelf 113
942 _n0
948 _c04/03/1997
999 _c85743
_d85743